[Event "Mondiale Lampo FIDE 2019"]
[Site "Mosca"]
[Date "30.12.2019"]
[Round "20.19"]
[White "Savchenko, Boris"]
[Black "Wojtaszek, Radoslaw"]
[Result "1/2-1/2"]
[WhiteTitle "GM"]
[BlackTitle "GM"]
[WhiteElo "2577"]
[BlackElo "2725"]
[WhiteFideId "4147332"]
[BlackFideId "1118358"]
[EventDate "2019.12.29"]

1. e4 c6 2. Nc3 d5 3. Nf3 Bg4 4. h3 Bxf3 5. Qxf3 e6 6. Be2 Nf6 7. O-O Nbd7 8. d3
Bd6 9. g3 O-O 10. Qg2 dxe4 11. dxe4 e5 12. Nb1 Qe7 13. Nd2 b5 14. c3 Rfd8 15. h4
Nc5 16. Qf3 Bc7 17. Re1 a5 18. b3 Bb6 19. a4 Qe8 20. Bf1 Ra7 21. Ra2 h5 22. axb5
cxb5 23. b4 axb4 24. Rxa7 Bxa7 25. cxb4 Ne6 26. Qa3 Ra8 27. Qd3 Ng4 28. Re2 Rd8
29. Qa3 Ra8 30. Qd3 Nd4 31. Re1 Nc2 32. Re2 Nxb4 33. Qb1 Nc6 34. Nb3 b4 35. Kg2
Rd8 36. f3 Nf6 37. Rd2 Rxd2+ 38. Bxd2 Qe7 39. Bc4 Qd6 40. Qa2 Qc7 41. Be1 Bb6
42. Qa4 Nd4 43. Qxb4 Nc2 44. Qb5 Nxe1+ 45. Kf1 Nxf3 46. Ke2 Nd4+ 47. Nxd4 Bxd4
48. Qa6 Qd7 49. Qa8+ Kh7 50. Qf8 Kg6 51. Kf1 Nxe4 52. Bd3 f5 53. Bc4 Nd2+ 54.
Kg2 Nxc4 55. Kh2 Nd6 1/2-1/2

[Event "Mondiale Lampo FIDE 2019"]
[Site "Mosca"]
[Date "30.12.2019"]
[Round "20.20"]
[White "Korobov, Anton"]
[Black "Predke, Alexandr"]
[Result "1-0"]
[WhiteTitle "GM"]
[BlackTitle "GM"]
[WhiteElo "2668"]
[BlackElo "2676"]
[WhiteFideId "14105730"]
[BlackFideId "24107581"]
[EventDate "2019.12.29"]

1. d4 Nf6 2. c4 e6 3. Nc3 Bb4 4. e3 b6 5. Ne2 Bb7 6. a3 Be7 7. d5 O-O 8. Ng3 Re8
9. Be2 Bf8 10. O-O d6 11. e4 Nbd7 12. Be3 a6 13. Rc1 exd5 14. cxd5 b5 15. f3 c6
16. dxc6 Bxc6 17. Bf2 Rc8 18. Nf5 Ne5 19. Qd2 d5 20. exd5 Nxd5 21. Ne4 Qd7 22.
Qg5 Ng6 23. Rfd1 h6 24. Qg4 Qe6 25. Bf1 Ne5 26. Qg3 Qxf5 27. Rxc6 Nxc6 28. Rxd5
Re5 29. Rd1 Qe6 30. h4 Rd8 31. Rc1 Nd4 32. Qf4 Nf5 33. a4 Red5 34. axb5 axb5 35.
Nc3 Rd4 36. Bxd4 Rxd4 37. Ne4 Bd6 38. Qg4 Be7 39. Bxb5 Qb6 40. Kh2 Qxb5 41. Rc8+
Bf8 42. Nf6+ Kh8 43. Rxf8# 1-0

[Event "Mondiale Lampo FIDE 2019"]
[Site "Mosca"]
[Date "30.12.2019"]
[Round "20.21"]
[White "Dominguez Perez, Leinier"]
[Black "Chigaev, Maksim"]
[Result "0-1"]
[WhiteTitle "GM"]
[BlackTitle "GM"]
[WhiteElo "2758"]
[BlackElo "2631"]
[WhiteFideId "3503240"]
[BlackFideId "4108116"]
[EventDate "2019.12.29"]

1. e4 g6 2. d4 Bg7 3. Nc3 d6 4. Be3 a6 5. g4 Nf6 6. h3 Nc6 7. f4 O-O 8. Nf3 Nd7
9. Bg2 b5 10. e5 Nb6 11. Qe2 Bb7 12. O-O-O Na5 13. b3 Rb8 14. h4 Qd7 15. h5 Qxg4
16. Rdg1 b4 17. Nd1 Nd5 18. Qd2 Nxe3 19. Qxe3 c5 20. dxc5 dxe5 21. Nxe5 Bxe5 22.
Qxe5 Bxg2 23. hxg6 fxg6 24. Ne3 Qxf4 25. Qxf4 Rxf4 26. Rxg2 Rc8 27. Nd5 Re4 28.
a3 bxa3 29. Nc3 Re3 30. Kd2 Re5 31. Na4 Nc6 32. Ra1 Rd8+ 33. Kc3 Re3+ 34. Kc4
Rd4# 0-1

[Event "Mondiale Lampo FIDE 2019"]
[Site "Mosca"]
[Date "30.12.2019"]
[Round "20.22"]
[White "Sargissian, Gabriel"]
[Black "Fridman, Daniel"]
[Result "0-1"]
[WhiteTitle "GM"]
[BlackTitle "GM"]
[WhiteElo "2689"]
[BlackElo "2616"]
[WhiteFideId "13300881"]
[BlackFideId "11600454"]
[EventDate "2019.12.29"]

1. d4 d5 2. c4 e6 3. Nc3 Be7 4. cxd5 exd5 5. Bf4 Nf6 6. e3 Bf5 7. Nge2 O-O 8.
Ng3 Be6 9. Bd3 c5 10. O-O Nc6 11. Bf5 cxd4 12. exd4 Qb6 13. Bxe6 fxe6 14. Nce2
Ne8 15. Be3 Bd6 16. Qd2 Nf6 17. h3 Rae8 18. Rad1 Qc7 19. a3 Na5 20. Qd3 Qc4 21.
Qb1 Nb3 22. Qd3 b5 23. Bf4 Bxf4 24. Nxf4 e5 25. dxe5 Rxe5 26. Nfe2 Nc5 27. Qd4
Rfe8 28. Nc3 Nb3 29. Qxa7 d4 30. Nb1 Qc6 31. Nd2 R5e7 32. Qxe7 Rxe7 33. Nxb3 Qc2
34. Nxd4 Qxb2 35. Ngf5 Rb7 36. Ne6 Rb8 37. Rd3 Qc2 38. Rfd1 b4 39. axb4 Rxb4 40.
Ng5 Ne8 41. Ne7+ Kf8 42. Nd5 Rb1 43. Ne6+ Kg8 44. Rf3 Qxd1+ 45. Kh2 Nf6 46.
Nxf6+ gxf6 47. Rxf6 Rb8 48. Rf3 Qd6+ 49. Nf4 Rf8 50. g3 Rf7 51. h4 Qc6 52. Re3
Qc8 53. Kg2 Qb7+ 54. Kh2 Rf8 55. Re2 Qc6 56. Rd2 Re8 57. Nd5 Kh8 58. Ne3 Qc7 59.
Re2 Qc1 60. Kg2 Ra8 61. Rc2 Qb1 62. Rd2 Qb7+ 63. Kh2 Qf3 64. Rb2 Ra1 65. Ng2 Qd1 0-1

[Event "Mondiale Lampo FIDE 2019"]
[Site "Mosca"]
[Date "30.12.2019"]
[Round "20.23"]
[White "Iturrizaga Bonelli, Eduardo"]
[Black "Salgado Lopez, Ivan"]
[Result "1-0"]
[WhiteTitle "GM"]
[BlackTitle "GM"]
[WhiteElo "2597"]
[BlackElo "2605"]
[WhiteFideId "3901211"]
[BlackFideId "2257327"]
[EventDate "2019.12.29"]

1. c4 b6 2. Nf3 Bb7 3. b3 c5 4. Bb2 Bxf3 5. gxf3 Nc6 6. e3 Nf6 7. f4 g6 8. Bxf6
exf6 9. Bg2 f5 10. Nc3 Bg7 11. Nd5 Rb8 12. Rc1 Ne7 13. Nxe7 Qxe7 14. O-O O-O 15.
Bd5 h5 16. Qf3 Kh7 17. Kh1 a6 18. Rg1 b5 19. d3 Rb6 20. Rg3 b4 21. Rcg1 a5 22.
e4 fxe4 23. dxe4 Rg8 24. e5 Rf8 25. Be4 Kh8 26. Bd5 Bh6 27. Qe4 Qh4 28. Rf3 f5
29. exf6 Rfxf6 30. Qe8+ Bf8 31. Rxg6 Rxg6 32. Qxf8+ Kh7 33. Be4 Qg4 34. Rg3 Qd1+
35. Kg2 1-0

[Event "Mondiale Lampo FIDE 2019"]
[Site "Mosca"]
[Date "30.12.2019"]
[Round "20.24"]
[White "Dreev, Aleksey"]
[Black "Safarli, Eltaj"]
[Result "1-0"]
[WhiteTitle "GM"]
[BlackTitle "GM"]
[WhiteElo "2677"]
[BlackElo "2601"]
[WhiteFideId "4100107"]
[BlackFideId "13402129"]
[EventDate "2019.12.29"]

1. d4 Nf6 2. Nf3 g6 3. g3 Bg7 4. Bg2 O-O 5. O-O d5 6. c4 dxc4 7. Na3 a5 8. Nxc4
Be6 9. Nce5 Bd5 10. Re1 a4 11. Bf4 Nc6 12. Nxc6 Bxc6 13. Be5 Bd5 14. Qc2 c6 15.
e4 Be6 16. Ng5 Bd7 17. Qc5 Ra5 18. Qa3 h6 19. Nf3 Bg4 20. h3 Bxf3 21. Bxf3 Ne8
22. Bxg7 Kxg7 23. Rad1 Rb5 24. Be2 Ra5 25. Qc3 Kh7 26. a3 Nd6 27. e5 Nf5 28. Bg4
e6 29. h4 Rb5 30. Rd2 Qa5 31. Rc1 Qxc3 32. Rxc3 Rd8 33. Bxf5 gxf5 34. Rc4 Rxe5
35. Rxa4 Red5 36. Ra7 R8d7 37. Kf1 e5 38. Rd3 Kg6 39. Rb3 Rxd4 40. Rbxb7 Rxb7
41. Rxb7 Rd2 42. a4 c5 43. a5 Rd1+ 44. Ke2 Ra1 45. Rb6+ Kh5 46. a6 c4 47. Kd2
Kg4 48. Rf6 f4 49. gxf4 exf4 50. Kc3 Ra4 51. Rxh6 Kf3 52. Rf6 Kxf2 53. Rxf4+ Kg3
54. Rxf7 Rxa6 55. Kxc4 Ra4+ 56. b4 1-0

[Event "Mondiale Lampo FIDE 2019"]
[Site "Mosca"]
[Date "30.12.2019"]
[Round "20.25"]
[White "Salem, A.R. Saleh"]
[Black "Sychev, Klementy"]
[Result "1-0"]
[WhiteTitle "GM"]
[BlackTitle "GM"]
[WhiteElo "2675"]
[BlackElo "2563"]
[WhiteFideId "9301348"]
[BlackFideId "4114060"]
[EventDate "2019.12.29"]

1. d4 Nf6 2. c4 g6 3. Nc3 d5 4. cxd5 Nxd5 5. e4 Nxc3 6. bxc3 Bg7 7. Bc4 c5 8.
Ne2 Nc6 9. Be3 O-O 10. O-O Na5 11. Bd3 b6 12. Rc1 e5 13. d5 f5 14. f4 fxe4 15.
Bxe4 Nc4 16. Qd3 Nd6 17. fxe5 Bxe5 18. Bxg6 Rxf1+ 19. Rxf1 Qe7 20. Bh5 Qh4 21.
Bf4 Bf5 22. Bf7+ Kf8 23. Qd2 Nc4 24. Qc1 Kxf7 25. Bxe5 Nxe5 26. Rxf5+ Kg7 27.
Rxe5 Kh8 28. Ng3 Rf8 29. Qe3 Qa4 30. h3 Qd7 31. c4 Qg7 32. Kh2 b5 33. Re7 Qf6
34. cxb5 c4 35. Qe5 c3 36. Qxf6+ Rxf6 37. Rc7 1-0

[Event "Mondiale Lampo FIDE 2019"]
[Site "Mosca"]
[Date "30.12.2019"]
[Round "20.26"]
[White "Quparadze, Giga"]
[Black "Jumabayev, Rinat"]
[Result "0-1"]
[WhiteTitle "GM"]
[BlackTitle "GM"]
[WhiteElo "2462"]
[BlackElo "2646"]
[WhiteFideId "13602250"]
[BlackFideId "13702661"]
[EventDate "2019.12.29"]

1. e4 d6 2. d4 g6 3. Nc3 Bg7 4. Bg5 c6 5. Qd2 b5 6. f4 Nf6 7. Bd3 Nbd7 8. Nf3
Nb6 9. O-O Bg4 10. e5 Bxf3 11. exf6 exf6 12. Rae1+ Kf8 13. Bh4 Bd5 14. f5 g5 15.
Bg3 h5 16. Nxd5 Nxd5 17. Be4 Ne7 18. Qb4 a5 19. Qxd6 h4 20. Qxd8+ Rxd8 21. Bc7
Rxd4 22. Rd1 Rxd1 23. Rxd1 Kg8 24. Bxa5 Kh7 25. Rd8 Rxd8 26. Bxd8 Bf8 27. b3 b4
28. Kf2 Kg7 29. Ke3 c5 30. Kd3 Nc8 31. h3 Nd6 32. Bb6 Nc8 33. Bc7 Nd6 34. Bb8
Nc8 35. Kc4 Nd6+ 36. Kd5 Nb5 37. Bd3 Nc3+ 38. Kc4 Nxa2 39. Ba7 Kh6 40. Be2 g4
41. Bxg4 Kg5 42. Bb8 Nc3 43. Bc7 Ne4 44. Bb6 Kf4 45. Bf3 Nd2+ 46. Kd5 Nxf3 47.
gxf3 Kg3 48. Bd8 Kxh3 49. Bxf6 Kg3 50. Ke4 h3 51. Be5+ Kg2 52. f6 h2 53. Bxh2
Kxh2 54. Kd5 Kg3 55. Kc6 Kf4 56. Kd7 Ke5 57. Ke8 Bh6 58. Kxf7 Kf5 59. Ke7 Bg5
60. Kd6 Bxf6 61. Kxc5 Bc3 62. Kc4 Kf4 63. Kd3 Kxf3 64. Kc4 Ke2 65. Kb5 Kd2 0-1

[Event "Mondiale Lampo FIDE 2019"]
[Site "Mosca"]
[Date "30.12.2019"]
[Round "20.27"]
[White "Grigoriants, Sergey"]
[Black "Shimanov, Aleksandr"]
[Result "1-0"]
[WhiteTitle "GM"]
[BlackTitle "GM"]
[WhiteElo "2542"]
[BlackElo "2587"]
[WhiteFideId "4130804"]
[BlackFideId "4198603"]
[EventDate "2019.12.29"]

1. e4 c6 2. d4 d5 3. Nc3 dxe4 4. Nxe4 Nf6 5. Nxf6+ exf6 6. c3 Bd6 7. Bd3 O-O 8.
Ne2 Re8 9. O-O Qc7 10. Ng3 Be6 11. Bd2 Nd7 12. Qf3 b5 13. Rfe1 Nf8 14. a4 Rab8
15. axb5 cxb5 16. h4 Qd7 17. Nf5 Bd5 18. Qh3 Rxe1+ 19. Rxe1 Be6 20. Qf3 Bc7 21.
d5 Bxf5 22. Bxf5 Qd6 23. g3 Rd8 24. Bf4 Qb6 25. Be3 Qb7 26. Be4 Bd6 27. h5 Nd7
28. Bd4 Be5 29. Be3 Bd6 30. Bd4 Be5 31. Be3 Bd6 32. Bd4 Be5 33. Be3 a5 34. Qg4
Bd6 35. Bd4 Ne5 36. Qf5 g6 37. Qxf6 Qc7 38. h6 Kf8 39. f4 Re8 40. Qg7+ Ke7 41.
fxe5 Kd8 42. exd6 Qd7 43. Qf6+ Kc8 44. Qf3 f5 45. Qf4 fxe4 46. Rxe4 Rd8 47. Re7
Qh3 48. d7+ Kb7 49. Qf3 Ka6 50. d6 a4 51. Qc6+ Ka5 52. Qb6# 1-0

[Event "Mondiale Lampo FIDE 2019"]
[Site "Mosca"]
[Date "30.12.2019"]
[Round "20.28"]
[White "Harsha, Bharathakoti"]
[Black "Motylev, Alexander"]
[Result "1-0"]
[WhiteTitle "GM"]
[BlackTitle "GM"]
[WhiteElo "2523"]
[BlackElo "2640"]
[WhiteFideId "5078776"]
[BlackFideId "4121830"]
[EventDate "2019.12.29"]

1. f4 c5 2. Nf3 d5 3. g3 g6 4. Bg2 Bg7 5. O-O Nc6 6. d3 e6 7. e4 Nge7 8. c3 O-O
9. e5 b6 10. g4 Ba6 11. Qe2 Qd7 12. Nbd2 f6 13. exf6 Rxf6 14. Ng5 e5 15. Ndf3 e4
16. Ne1 h6 17. Nh3 Re8 18. Qd1 exd3 19. Nxd3 Bxd3 20. Qxd3 Qxg4 21. Bd2 Qf5 22.
Qg3 Qd7 23. Rae1 Kh7 24. Qd3 Qf5 25. Qg3 Rff8 26. Nf2 Qc2 27. Bc1 Nf5 28. Qh3
Nce7 29. Ng4 Qa4 30. Ne5 Qxa2 31. Nd7 Rg8 32. Re6 Nc8 33. Nf6+ Bxf6 34. Rxf6 d4
35. Kh1 Rg7 36. Rxf5 gxf5 37. Qxf5+ Kh8 38. Bd5 Qa6 39. c4 Ne7 40. Qe6 Rg6 41.
Qe5+ Rg7 42. f5 Qc8 43. Bxh6 Nxf5 44. Qxf5 Qxf5 45. Bxg7+ Kxg7 46. Rxf5 d3 47.
Rf2 Re2 48. Rf7+ Kh6 49. Rf1 d2 50. Bf3 Re1 51. Kg2 Kg5 52. Kf2 Rc1 53. Rd1 Rxc4
54. Rxd2 a5 55. Kg3 Rb4 56. h4+ Kf6 57. h5 a4 58. Rd6+ Kg5 59. Rd5+ Kh6 60. Rd6+
Kg5 61. Rg6+ Kf5 62. Bg4+ Ke5 63. h6 Rb3+ 64. Kh4 Rxb2 65. h7 Rh2+ 66. Bh3 1-0

[Event "Mondiale Lampo FIDE 2019"]
[Site "Mosca"]
[Date "30.12.2019"]
[Round "20.29"]
[White "Grachev, Boris"]
[Black "Le, Quang Liem"]
[Result "0-1"]
[WhiteTitle "GM"]
[BlackTitle "GM"]
[WhiteElo "2614"]
[BlackElo "2713"]
[WhiteFideId "4129199"]
[BlackFideId "12401137"]
[EventDate "2019.12.29"]

1. Nf3 c5 2. c4 Nc6 3. Nc3 e5 4. e3 Nf6 5. d4 e4 6. Ne5 g6 7. Be2 Bg7 8. O-O O-O
9. b3 Ne7 10. Ng4 Nxg4 11. Bxg4 d5 12. Bxc8 Rxc8 13. cxd5 cxd4 14. Nxe4 Qxd5 15.
Ng3 dxe3 16. Bxe3 Bxa1 17. Qxa1 Rfd8 18. Bxa7 Nf5 19. Nxf5 Qxf5 20. Be3 Rc2 21.
h3 h5 22. a4 Kh7 23. b4 Qd5 24. a5 Ra2 25. Qf6 Rd6 26. Qe7 Rd7 27. Qf8 Qd6 28.
Qh6+ Kg8 29. Bc5 Qe6 30. Qc1 Rad2 31. Qa1 R7d5 32. Be3 R2d3 33. Bc5 Qe5 34. Qxe5
Rxe5 35. h4 Red5 36. g3 Rd1 37. Rxd1 Rxd1+ 38. Kg2 f6 39. Kf3 Kf7 40. Ke2 Rd5
41. Ke3 Ke6 42. Ke4 Rd2 43. Be3 Rb2 44. Bc5 g5 45. hxg5 fxg5 46. Kf3 Kf5 47. Kg2
Ke4 48. Be7 g4 49. Bc5 Kd3 50. Kf1 Kc4 51. Bf8 Rxb4 52. Bxb4 Kxb4 53. f4 gxf3
54. Kf2 Kxa5 55. Kxf3 b5 0-1

[Event "Mondiale Lampo FIDE 2019"]
[Site "Mosca"]
[Date "30.12.2019"]
[Round "20.30"]
[White "Adhiban, Baskaran"]
[Black "Andriasian, Zaven"]
[Result "1-0"]
[WhiteTitle "GM"]
[BlackTitle "GM"]
[WhiteElo "2654"]
[BlackElo "2611"]
[WhiteFideId "5018471"]
[BlackFideId "13302000"]
[EventDate "2019.12.29"]

1. d4 Nf6 2. c4 g6 3. Nc3 Bg7 4. e4 d6 5. f4 O-O 6. Nf3 Nc6 7. Be3 Bg4 8. d5
Bxf3 9. Qxf3 Nb4 10. O-O-O c6 11. e5 Nd7 12. a3 Na6 13. dxc6 bxc6 14. Qxc6 Nac5
15. Nd5 Kh8 16. Qc7 Qe8 17. Nxe7 Qxe7 18. Bxc5 dxc5 19. Rxd7 Qe6 20. g3 Rab8 21.
Bd3 Qg4 22. Rxf7 Qf3 23. Rd1 Rfc8 24. Qxa7 Qe3+ 25. Kb1 Qf3 26. Rd2 Qh1+ 27. Ka2
Ra8 28. Qb7 Qc1 29. Rxg7 Rxa3+ 30. Kxa3 Qa1+ 31. Kb3 1-0

[Event "Mondiale Lampo FIDE 2019"]
[Site "Mosca"]
[Date "30.12.2019"]
[Round "20.31"]
[White "Aravindh, Chithambaram VR."]
[Black "Vitiugov, Nikita"]
[Result "1/2-1/2"]
[WhiteTitle "GM"]
[BlackTitle "GM"]
[WhiteElo "2605"]
[BlackElo "2747"]
[WhiteFideId "5072786"]
[BlackFideId "4152956"]
[EventDate "2019.12.29"]

1. d4 Nf6 2. c4 e6 3. Nf3 Bb4+ 4. Nc3 c5 5. g3 cxd4 6. Nxd4 O-O 7. Bg2 d5 8.
cxd5 Nxd5 9. Bd2 Bxc3 10. bxc3 e5 11. Nb3 Nc6 12. O-O Re8 13. c4 Nb6 14. Rc1 Bg4
15. h3 Bf5 16. g4 Bg6 17. Na5 Qc7 18. c5 Nd7 19. Nxc6 bxc6 20. Be3 Re6 21. Qd2
Nf6 22. Rfd1 h6 23. Qb4 Rb8 24. Qa3 Be4 25. f3 Bd5 26. Rb1 e4 27. f4 Ree8 28.
Qc1 Bxa2 29. Rxb8 Rxb8 30. Bd4 Rb1 31. Qd2 Rxd1+ 32. Qxd1 Qxf4 33. e3 Qg3 34.
Qa1 Bd5 35. Qc3 h5 36. Be5 Qh4 37. gxh5 Nxh5 38. Kh2 Qf2 39. Bb8 f6 40. Qa3 Bc4
41. Qa4 Bf1 42. Qxe4 Qxg2+ 43. Qxg2 Bxg2 44. Kxg2 a5 45. Bc7 a4 46. Ba5 Kf7 47.
Kf3 Ke6 48. Ke4 Ng3+ 49. Kd4 Nf5+ 50. Kd3 Ne7 51. e4 Ng6 52. Kc4 Nf4 53. h4 Ke5
54. Kb4 Kxe4 55. Kxa4 Kd5 56. Bd2 Ne6 57. h5 Nxc5+ 58. Kb4 Ne4 59. Bc1 c5+ 60.
Kb3 c4+ 61. Kc2 Ke6 62. h6 gxh6 63. Bxh6 Kf5 64. Kd1 Kg4 65. Ke2 f5 66. Ke3 Nf6
67. Kd4 Kf3 68. Kxc4 Ng4 69. Bg5 Ke4 70. Kc3 Ne5 71. Bh6 1/2-1/2

[Event "Mondiale Lampo FIDE 2019"]
[Site "Mosca"]
[Date "30.12.2019"]
[Round "20.32"]
[White "Petrov, Nikita"]
[Black "Kamsky, Gata"]
[Result "1/2-1/2"]
[WhiteTitle "GM"]
[BlackTitle "GM"]
[WhiteElo "2585"]
[BlackElo "2677"]
[WhiteFideId "4101286"]
[BlackFideId "2000024"]
[EventDate "2019.12.29"]

1. c4 g6 2. Nc3 Bg7 3. g3 Nf6 4. Bg2 d6 5. d4 O-O 6. Nf3 Nc6 7. O-O a5 8. Bf4 a4
9. d5 Na5 10. Qxa4 Bd7 11. Qb4 c5 12. dxc6 Nxc6 13. Qb3 Na5 14. Qb4 Nc6 15. Qb3
Na5 16. Qb4 1/2-1/2

[Event "Mondiale Lampo FIDE 2019"]
[Site "Mosca"]
[Date "30.12.2019"]
[Round "20.33"]
[White "Kim, Alexey"]
[Black "Ponkratov, Pavel"]
[Result "0-1"]
[WhiteTitle "GM"]
[BlackTitle "GM"]
[WhiteElo "2464"]
[BlackElo "2632"]
[WhiteFideId "4129776"]
[BlackFideId "4157800"]
[EventDate "2019.12.29"]

1. e4 e6 2. d4 d5 3. Nd2 b6 4. exd5 exd5 5. Ngf3 Nf6 6. Bd3 Bd6 7. Ne5 O-O 8.
O-O Bb7 9. Re1 c5 10. c3 Nbd7 11. Ndf3 Ne4 12. Bf4 Ndf6 13. Ng5 cxd4 14. cxd4 h6
15. Nxe4 dxe4 16. Bc4 Nd5 17. Bg3 b5 18. Bxb5 f5 19. f4 Bxe5 20. fxe5 f4 21.
Rxe4 fxg3 22. hxg3 Nc3 23. Qb3+ Kh8 24. Re3 Nxb5 25. Qxb5 Qxd4 26. Qe2 Rae8 27.
Rd1 Qc5 28. Kh2 Rf5 29. Rd7 Bc6 30. Rd2 Rfxe5 31. Rxe5 Rxe5 32. Rd8+ Kh7 0-1

[Event "Mondiale Lampo FIDE 2019"]
[Site "Mosca"]
[Date "30.12.2019"]
[Round "20.34"]
[White "Amin, Bassem"]
[Black "Drygalov, Sergey"]
[Result "1-0"]
[WhiteTitle "GM"]
[BlackTitle "IM"]
[WhiteElo "2683"]
[BlackElo "2473"]
[WhiteFideId "10601457"]
[BlackFideId "24171743"]
[EventDate "2019.12.29"]

1. e4 c5 2. Nf3 a6 3. g3 b5 4. Bg2 Bb7 5. d3 e6 6. O-O d6 7. Re1 Nf6 8. a4 Be7
9. Na3 O-O 10. Bf4 e5 11. Bg5 b4 12. Nc4 a5 13. Bxf6 Bxf6 14. Nfd2 g6 15. Ne3
Nc6 16. Ndc4 Bg7 17. c3 Ba6 18. h4 Rb8 19. Qc2 Ne7 20. Rad1 Bb7 21. Qe2 f5 22.
exf5 Bxg2 23. Nxg2 Rxf5 24. d4 bxc3 25. bxc3 e4 26. Qxe4 d5 27. Qe6+ Kh8 28. Nd6
Ng8 29. Qxf5 Qxd6 30. Qf4 Qd8 31. dxc5 Bxc3 32. Re6 Rc8 33. Rd6 Qe7 34. R1xd5
Rf8 35. Qe3 Qg7 36. Rd7 Qf6 37. R5d6 Qe5 38. Qxe5+ Bxe5 39. Re6 Bb8 40. c6 Nf6
41. Rxf6 1-0

[Event "Mondiale Lampo FIDE 2019"]
[Site "Mosca"]
[Date "30.12.2019"]
[Round "20.35"]
[White "Postny, Evgeny"]
[Black "Sakaev, Konstantin"]
[Result "1-0"]
[WhiteTitle "GM"]
[BlackTitle "GM"]
[WhiteElo "2605"]
[BlackElo "2596"]
[WhiteFideId "2804344"]
[BlackFideId "4104226"]
[EventDate "2019.12.29"]

1. d4 Nf6 2. c4 e6 3. Nf3 d5 4. Nc3 c6 5. Bg5 h6 6. Bxf6 Qxf6 7. e3 Nd7 8. Bd3
dxc4 9. Bxc4 g6 10. O-O Qe7 11. e4 Bg7 12. Qe2 O-O 13. e5 b5 14. Bd3 Bb7 15. Be4
Rab8 16. a3 Rfd8 17. b4 Nb6 18. h4 Ra8 19. h5 gxh5 20. Rab1 a5 21. Bd3 Nc4 22.
Bxc4 bxc4 23. Ne4 axb4 24. axb4 Ba6 25. Qe3 Bb5 26. Qf4 c3 27. Nf6+ Bxf6 28.
exf6 Qf8 29. Rfe1 Bd3 30. Rbc1 c2 31. Ne5 Bf5 32. Re3 Kh7 33. Rg3 Bg6 34. Nxg6
fxg6 35. Qc7+ Kh8 36. Rxg6 Rxd4 37. Rxc2 Ra1+ 38. Kh2 Rg4 39. Rxg4 hxg4 40. Qe5
Ra6 41. Rc4 Rb6 42. Rxg4 Rxb4 43. Rxb4 Qxb4 44. f7+ Kh7 45. Qf6 Qf8 46. g4 c5
47. f4 c4 48. g5 hxg5 49. fxg5 Qd6+ 50. Kh3 Qd3+ 51. Kg4 Qe4+ 52. Kg3 Qe3+ 53.
Kh4 Qe4+ 54. Kh5 Qh1+ 55. Kg4 Qe4+ 56. Qf4 Qxf4+ 57. Kxf4 Kg7 58. g6 c3 59. Ke3
e5 1-0

[Event "Mondiale Lampo FIDE 2019"]
[Site "Mosca"]
[Date "30.12.2019"]
[Round "20.36"]
[White "Vallejo Pons, Francisco"]
[Black "Socko, Bartosz"]
[Result "1-0"]
[WhiteTitle "GM"]
[BlackTitle "GM"]
[WhiteElo "2704"]
[BlackElo "2618"]
[WhiteFideId "2205530"]
[BlackFideId "1107038"]
[EventDate "2019.12.29"]

1. e4 e6 2. d4 d5 3. Nc3 Bb4 4. e5 Ne7 5. a3 Bxc3+ 6. bxc3 c5 7. Qg4 Kf8 8. a4
Qc7 9. Qd1 cxd4 10. Nf3 dxc3 11. Ba3 Nc6 12. Bd6 Qd8 13. Bd3 f6 14. O-O Kf7 15.
Qe1 Ng6 16. Qxc3 fxe5 17. Bxg6+ hxg6 18. Bxe5 Qf8 19. a5 Kg8 20. a6 Rh5 21. Rfe1
Nxe5 22. Nxe5 bxa6 23. Rab1 Qf6 24. Qc6 Bb7 25. Qxb7 Rf8 26. Ng4 Qf5 27. h3 Rg5
28. Qxa7 Qxc2 29. Rbc1 Qd2 30. Qb6 Kh7 31. Rcd1 Qc2 32. Qxe6 Rff5 33. Qe2 Qc6
34. Ra1 Rf4 35. Qxa6 Qc5 36. Qa7 Qc3 37. Qe3 Qb4 38. Rab1 Qa4 39. Ra1 Qb4 40.
Reb1 Qf8 41. Rd1 Rgf5 42. f3 Rc4 43. Rd2 Qb4 44. Rad1 Qb5 45. Qf2 Rh5 1-0

[Event "Mondiale Lampo FIDE 2019"]
[Site "Mosca"]
[Date "30.12.2019"]
[Round "20.37"]
[White "Bluebaum, Matthias"]
[Black "Paravyan, David"]
[Result "1/2-1/2"]
[WhiteTitle "GM"]
[BlackTitle "GM"]
[WhiteElo "2644"]
[BlackElo "2629"]
[WhiteFideId "24651516"]
[BlackFideId "4194985"]
[EventDate "2019.12.29"]

1. d4 Nf6 2. c4 g6 3. Nc3 Bg7 4. e4 d6 5. Nf3 Bg4 6. Be2 Bxf3 7. Bxf3 e5 8. d5
h5 9. h4 a5 10. Be3 Bh6 11. Bxh6 Rxh6 12. Qd2 Rh8 13. b3 Nbd7 14. a3 Kf8 15. g3
Kg7 16. O-O Qe7 17. b4 b6 18. Kg2 Ng8 19. Na4 Nh6 20. c5 axb4 21. cxd6 Qxd6 22.
Qxb4 Ra5 23. Nc3 Nc5 24. Nb5 Qd7 25. Rab1 Rha8 26. Rfd1 Ra4 27. Qc3 Qe7 28. d6
cxd6 29. Rxd6 Nxe4 30. Bxe4 Rxe4 31. Rxb6 Ng4 32. Qf3 Rea4 33. Rb7 Qf6 34. Qxf6+
Nxf6 35. Nd6 Rf8 36. R1b3 Rd4 37. R3b6 Rd2 38. Kf1 Rc2 39. a4 Ng4 40. Ne4 Rd8
41. Rb1 Rd4 42. R7b4 Ra2 43. Rxd4 exd4 44. Rb4 f5 45. Ng5 Rxf2+ 46. Ke1 Rg2 47.
Rxd4 Rxg3 48. Rd7+ Kf6 49. Rd6+ Ke5 50. Rxg6 Ra3 51. Rb6 Rxa4 52. Ke2 Ra2+ 53.
Kd3 Ra3+ 54. Ke2 Kf4 55. Ne6+ Kg3 56. Ng7 Ra2+ 57. Kd3 Ra3+ 58. Ke2 Re3+ 59. Kd2
Rf3 60. Nxh5+ Kxh4 61. Ng7 f4 62. Nf5+ Kg5 63. Rb5 Ra3 64. Nd4+ Kh4 65. Rf5 Ra2+
66. Kd3 Nf2+ 67. Kc4 Kg4 68. Rf8 Ra4+ 69. Kd5 Ra5+ 70. Kc4 Ne4 71. Kd3 Nc5+ 72.
Kc4 Nd7 73. Rg8+ Kh3 74. Kd3 Nc5+ 75. Kc4 Nd7 76. Kd3 Ra3+ 77. Ke2 Nf6 78. Rf8
Re3+ 79. Kf1 Nh5 80. Rh8 Kg4 81. Rg8+ Kh3 82. Rh8 Re5 83. Kf2 Rd5 84. Ne2 Kg4
85. Rg8+ Kh4 86. Rh8 Kg4 87. Rg8+ Kf5 88. Rf8+ Kg5 89. Rg8+ Kh6 90. Rh8+ Kg6 91.
Rxh5 Rxh5 92. Nxf4+ Kg5 93. Nxh5 Kxh5 1/2-1/2

[Event "Mondiale Lampo FIDE 2019"]
[Site "Mosca"]
[Date "30.12.2019"]
[Round "20.38"]
[White "Abdusattorov, Nodirbek"]
[Black "Gareyev, Timur"]
[Result "1/2-1/2"]
[WhiteTitle "GM"]
[BlackTitle "GM"]
[WhiteElo "2635"]
[BlackElo "2598"]
[WhiteFideId "14204118"]
[BlackFideId "14200937"]
[EventDate "2019.12.29"]

1. e4 e5 2. Nf3 Nc6 3. Bb5 a6 4. Ba4 Nf6 5. O-O Bc5 6. c3 O-O 7. d4 Ba7 8. dxe5
Nxe4 9. Qd5 Nc5 10. Bc2 d6 11. exd6 Bg4 12. b4 Nd7 13. Bg5 Nf6 14. Qd3 Qxd6 15.
Qxd6 cxd6 16. Bxf6 gxf6 17. Nbd2 Ne5 18. Nxe5 fxe5 19. Ne4 Kg7 20. Nxd6 Rfd8 21.
Nf5+ Kf6 22. Ne3 Be2 23. Rfe1 Rd2 24. Be4 Rad8 25. Bxb7 Ke6 26. Be4 Bxe3 27.
fxe3 f5 28. Bb7 e4 29. a4 Rg8 30. g3 Bf3 31. Bxa6 Rg2+ 32. Kf1 Ke5 33. Bc4 Rc8
34. Be2 Rxh2 35. Ra2 Rxc3 36. a5 Rh1+ 37. Kf2 Rh2+ 38. Kf1 Rh1+ 39. Kf2 Rh2+ 40.
Kg1 Rh1+ 41. Kf2 Rh2+ 42. Kf1 Rh1+ 43. Kf2 Rh2+ 44. Kg1 Rh1+ 45. Kf2 Rh2+ 46.
Kf1 Rh1+ 47. Kf2 Rh2+ 48. Kf1 Rc6 1/2-1/2